Horror Comedy Movies by Picture - Statistics

General Stats
  • This quiz has been taken 62 times
  • The average score is 13 of 21
Answer Stats
Picture Answer % Correct
Gremlins
93%
Beetlejuice
91%
Ghostbusters
89%
The Rocky Horror Picture Show
84%
Scary Movie
82%
Shaun of the Dead
82%
Zombieland
82%
Little Shop of Horrors
69%
Young Frankenstein
64%
An American Werewolf in London
62%
Evil Dead II
62%
Tremors
62%
Critters
60%
Killer Klowns from Outer Space
58%
The Lost Boys
53%
Army of Darkness
47%
Abbott and Costello Meet Frankenstein
44%
Re-Animator
40%
The Frighteners
25%
Creepshow
20%
Dead Alive / Braindead
16%
No matching quizzes found
Score Distribution
Percent of People with Each Score
Percentile by Number Answered
Your Score History
You have not taken this quiz